000
00229 a2200097 4500
001
31425
100
_a
Dieter, Carol Mecullough
245
_a
Oracle 8 Developer's Guide
260
_a
New Delhi
_b
IDG
_c
1999
090
_c
21310
_d
21310
942
_a
NUST-CAE
_c
M
_c
12571
999
_c
266498
_d
266498